| 000 | 00450nam a2200181Ia 4500 | ||
|---|---|---|---|
| 008 | 230524s9999 xx 000 0 und d | ||
| 020 | _a9780070702219 | ||
| 082 |
_a621.382 _bROB |
||
| 100 | _aMichael J Roberts | ||
| 245 | 0 | _aFundamentals of Signals and Systems | |
| 250 | _a2ND | ||
| 260 |
_aNEW DELHI _bTMH _c2010 |
||
| 300 | _aXXI;766 | ||
| 500 | _aQuantity Number: 100 | ||
| 650 | _aElectronics | ||
| 700 | _a Govind Sharma | ||
| 942 | _cBK | ||
| 999 |
_c47740 _d47740 |
||